000 00313nam a22001337a 4500
008 170307b xxu||||| |||| 00| 0 eng d
020 _a9780077338879
041 _aeng
080 _211TH
_a611
100 _a6
101 _aSHM
245 _aESSENTIALS OF HUMAN ANATOMY & PHYSIOLOGY
_cMARTIN T,R
942 _2udc
_cBK
999 _c6979
_d6979